000 00571nam a2200205Ia 4500
003 IN-BaIIA
008 211028s9999 xx 000 0 eng d
020 _a978-981-02-4331-9
040 _cIIA Library
080 _a530.145(042)
_bSMI
100 _aSmilga, A.ndrei
_926171
245 0 _aLectures on quantum chromodynamics
_cAndrei Smilga
260 _aNew Jersey
_bWorld Scientific
_c2001
300 _axxviii, 322p.
650 _aChromodynamics
_926172
650 _aPerturbation theory
_94926
650 _aQCD
_915580
650 _aQuantum mechanics
942 _cBK
999 _c14666
_d14666